El nuevo restaurante de Pierre Quintonil / (Registro nro. 12045)

Detalles MARC
000 -LEADER
fixed length control field 00950nam a22002897a 4500
001 - CONTROL NUMBER
control field 000730
003 - CONTROL NUMBER IDENTIFIER
control field DO-SdBNP
005 - DATE AND TIME OF LATEST TRANSACTION
control field 20180209124918.0
007 - PHYSICAL DESCRIPTION FIXED FIELD--GENERAL INFORMATION
fixed length control field 000730
008 - FIXED-LENGTH DATA ELEMENTS--GENERAL INFORMATION
fixed length control field 161123b 2003 mx a ||||| |||| 00| 0 spa d
020 ## - INTERNATIONAL STANDARD BOOK NUMBER
International Standard Book Number 9687791764
020 ## - INTERNATIONAL STANDARD BOOK NUMBER
International Standard Book Number 970688355X
040 ## - CATALOGING SOURCE
Original cataloging agency BPMSU
Language of cataloging spa
Transcribing agency BPMSU
100 1# - MAIN ENTRY--PERSONAL NAME
Personal name Muñoz Ledo, Norma
245 10 - TITLE STATEMENT
Title El nuevo restaurante de Pierre Quintonil /
Statement of responsibility, etc. Norma Muñoz Ledo ; ilustraciones Gabriel Gutiérrez.
260 ## - PUBLICATION, DISTRIBUTION, ETC. (IMPRINT)
Place of publication, distribution, etc. México, D. F. :
Name of publisher, distributor, etc. SM,
Date of publication, distribution, etc. 2003.
Date of manufacture 2005
300 ## - PHYSICAL DESCRIPTION
Extent 124 p. :
Other physical details il. ;
Dimensions 19 cm.
490 1# - SERIES STATEMENT
Series statement Barco de vapor. Serie naranja
Volume/sequential designation 16
500 ## - GENERAL NOTE
General note Primera reimpresión de la primera edición: México, 2005
500 ## - GENERAL NOTE
General note "A partir de 9 años"
500 ## - GENERAL NOTE
General note Incluye datos del autor
700 12 - ADDED ENTRY--PERSONAL NAME
Personal name Gutiérrez, Gabriel,
Relator term il.
830 #0 - SERIES ADDED ENTRY--UNIFORM TITLE
Uniform title Barco de vapor. Serie naranja ;
Volume number/sequential designation 16
942 ## - ADDED ENTRY ELEMENTS (KOHA)
Source of classification or shelving scheme Dewey Decimal Classification
Koha item type Libros
945 ## - LOCAL PROCESSING INFORMATION (OCLC)
a Inventariado, 2018 /LP
956 ## - LOCAL ELECTRONIC LOCATION AND ACCESS (OCLC)
Host name LOPEREZ
Access number 10
Compression information 20161123
Processor of request BPMSU
Existencias
Withdrawn status Lost status Source of classification or shelving scheme Damaged status Not for loan Collection code Home library Current library Date acquired Source of acquisition Total Checkouts Barcode Date last seen Price effective from Koha item type
    Dewey Decimal Classification     Colección Infantil General Biblioteca Pública Metropolitana Salomé Ureña Biblioteca Pública Metropolitana Salomé Ureña 11/23/2016 FUNDI   BPMSU16111500 11/23/2016 11/23/2016 Libros